ბათუმის შოთა რუსთაველის სახელმწიფო უნივერსიტეტის ბიბლიოთეკა

TestDaF Musterprufung 3 : TestDaF Test Deutsch als Fremdsprache Musterprufung 3 : (ბიბ.ჩანაწერი № 55486)

000 -LEADER
fixed length control field 00792nam a2200241Ia 4500
001 - CONTROL NUMBER
control field 22568
003 - CONTROL NUMBER IDENTIFIER
control field GE_BSU
005 - DATE AND TIME OF LATEST TRANSACTION
control field 20230330103646.0
008 - FIXED-LENGTH DATA ELEMENTS--GENERAL INFORMATION
fixed length control field 181216s2009||||-ge|||||||||||||| ||ger||
020 ## - INTERNATIONAL STANDARD BOOK NUMBER
International Standard Book Number 9783191416997
040 ## - CATALOGING SOURCE
Transcribing agency GE_BSU
080 ## - UNIVERSAL DECIMAL CLASSIFICATION NUMBER
Universal Decimal Classification number 811.112.1 T-38
245 ## - TITLE STATEMENT
Title TestDaF Musterprufung 3 : TestDaF Test Deutsch als Fremdsprache Musterprufung 3 :
Remainder of title Herausgegeben vom testdaf-institut.
264 ## - PRODUCTION, PUBLICATION, DISTRIBUTION, MANUFACTURE, AND COPYRIGHT NOTICE
Place of production, publication, distribution, manufacture Bodingen :
Name of producer, publisher, distributor, manufacturer Hueber Verlag,
Date of production, publication, distribution, manufacture, or copyright notice 2009.
300 ## - PHYSICAL DESCRIPTION
Extent 80 p.;
Other physical details ill ;
Dimensions 29cm.
Accompanying material +1CD Musterprufung 3
653 ## - INDEX TERM--UNCONTROLLED
keyword Herausgegeben vom testdaf-institut
653 ## - INDEX TERM--UNCONTROLLED
keyword TestDaF Test Deutsch als Fremdsprache
653 ## - INDEX TERM--UNCONTROLLED
keyword TestDaF Musterprufung 3
653 ## - INDEX TERM--UNCONTROLLED
keyword Немецкий язык
653 ## - INDEX TERM--UNCONTROLLED
keyword გერმანული ენა
942 ## - ADDED ENTRY ELEMENTS (KOHA)
Koha item type წიგნი
Source of classification or shelving scheme
ეგზემპლარები
Withdrawn status Lost status Source of classification or shelving scheme Damaged status Not for loan Permanent Location Current Location Shelving location Date acquired Cost, normal purchase price Full call number Barcode Date last seen Copy number Price effective from Koha item type Public note
          ბათუმის შოთა რუსთაველის სახელმწიფო უნივერსიტეტის მთავარი ბიბლიოთეკა ბათუმის შოთა რუსთაველის სახელმწიფო უნივერსიტეტის მთავარი ბიბლიოთეკა წიგნსაცავი 2018-12-17 54.00 811.112.1 T-38 57857 2018-12-17 57857 2018-12-17 წიგნი 54.00 GEL.